Hành trang thời đại kinh tế tri thức

Trình bày và lí giải từng vấn đề cụ thể về tri thức, nhìn nhận kinh tế tri thức, tư duy, năng lực tiếp thu tri thức, đổi mới, quản lí khoa học, giao tiếp, năng lực tiếp thu và xử lí thông tin

Guardat en:
Dades bibliogràfiques
Autor principal: Thế Trường
Format: Llibre
Idioma:Undetermined
Publicat: Hà Nội Văn hóa Thông tin 2005
Matèries:
Etiquetes: Afegir etiqueta
Sense etiquetes, Sigues el primer a etiquetar aquest registre!
Thư viện lưu trữ: Trung tâm Học liệu Trường Đại học Cần Thơ
LEADER 00986nam a2200205Ia 4500
001 CTU_101488
008 210402s9999 xx 000 0 und d
020 |c 62000 
082 |a 001.2 
082 |b Th250 
100 |a Thế Trường 
245 0 |a Hành trang thời đại kinh tế tri thức 
245 0 |c Thế Trường 
260 |a Hà Nội 
260 |b Văn hóa Thông tin 
260 |c 2005 
520 |a Trình bày và lí giải từng vấn đề cụ thể về tri thức, nhìn nhận kinh tế tri thức, tư duy, năng lực tiếp thu tri thức, đổi mới, quản lí khoa học, giao tiếp, năng lực tiếp thu và xử lí thông tin 
650 |a Developing countries,Intelligence service,Knowledge 
904 |i Tuyến (sửa số pl 001.2/Tr561 thành 001.2/Th250), QHieu đã sửa số PL trong kho 
980 |a Trung tâm Học liệu Trường Đại học Cần Thơ